A Impossible Challenge (SCRAMBLE) - Statistics

General Stats
  • This quiz has been taken 22 times
  • The average score is 4 of 8
Answer Stats
Hint Answer % Correct
A turkish can speak english for something No
64%
They had 'none' make proof. Yes
64%
For it's life, they have Parents or born the years Born the Years
50%
They had 'none' make proof. No
50%
Cable of the life can 'SCRAMBLE' and 'SEZE' {A time} day
43%
They had 'none' make proof. Easy
43%
They had 'none' make proof Weak
43%
'SEZE' is called Somer East Ze'br'a Eac'orp'ze
7%
No matching quizzes found
Score Distribution
Percent of People with Each Score
Percentile by Number Answered
Your Score History
You have not taken this quiz